[Event "AUT-chT"]
[Site "?"]
[Date "1991.??.??"]
[Round "?"]
[White "Dueckstein, Andreas"]
[Black "Roth, Peter"]
[Result "1/2-1/2"]
[WhiteElo "2370"]
[BlackElo "2340"]

1.e4 d5 2.exd5 Qxd5 3.Nc3 Qd6 4.d4 Nf6 5.Nge2 Bg4 6.h3 Bh5 7.g4 Bg6 8.Bg2 c6
9.Bf4 Qd7 10.Be5 e6 11.Bxf6 gxf6 12.Ng3 Na6 13.Nce4 Be7 14.c3 O-O-O 15.Qa4 f5
16.gxf5 exf5 17.Nd2 Kb8 18.O-O-O f4 19.Ne2 Bg5 20.Bf3 Rhe8 21.h4 Bh6 22.Ng1 Re3
23.h5 Bf5 24.Nc4 Re6 25.Ne5 Qc7 26.Ng4 Bxg4 27.Bxg4 Red6 28.Nf3 Rd5 29.Qc2 f6
30.Rhe1 Bf8 31.Bf5 Qa5 32.Be6 Rxh5 33.Rh1 Rxh1 34.Rxh1 Nc7 35.Bb3 h6 36.Qg6 Nd5
37.Rh5 Qc7 38.Bxd5 Rxd5 39.Rxd5 cxd5 40.Qxf6 Qd6 41.Qf7 Be7 42.Ne5 a6 43.Kc2 Ka7
44.Qxf4 h5 45.Qf5 h4 46.Qh7 Qf6 47.f4 Bd6 48.Qd7 Bxe5 49.fxe5 Qg6+ 50.Kb3 Qb6+
51.Ka3 Qa5+ 52.Kb3 Qb6+ 53.Ka3  1/2-1/2

[Event "BUL-chT"]
[Site "Bankia"]
[Date "1991.??.??"]
[Round "6"]
[White "Tringov, Georgi P"]
[Black "Donchev, Dimitar I"]
[Result "1-0"]
[WhiteElo "2420"]
[BlackElo "2520"]

1.e4 d5 2.exd5 Qxd5 3.Nc3 Qd6 4.d4 Nf6 5.Nf3 a6 6.g3 b5 7.Bg2 Bb7 8.O-O c5
9.Bf4 Qb6 10.Re1 Nbd7 11.d5 h6 12.a4 b4 13.Nd2 Qa7 14.Nc4 Kd8 15.Ne4 a5 16.Nxf6 Nxf6
17.Ne5 Ke8 18.Nc6 Qb6 19.Qe2 Nxd5 20.Bxd5 Bxc6 21.Bxf7+ Kxf7 22.Qe6+ Ke8
23.Rad1  1-0

[Event "POL-chB"]
[Site "Bielsko-Biala"]
[Date "1991.??.??"]
[Round "9"]
[White "Kaminski, Marcin"]
[Black "Kiedrowicz, Jan"]
[Result "1-0"]
[WhiteElo "2305"]
[BlackElo "2295"]

1.e4 d5 2.exd5 Qxd5 3.Nc3 Qd8 4.d4 g6 5.Nf3 Bg7 6.Bc4 Nh6 7.Ne4 Nf5 8.c3 O-O
9.O-O Nd7 10.Bf4 Nd6 11.Bd3 Nxe4 12.Bxe4 c5 13.Bg3 cxd4 14.Nxd4 Nc5 15.Bf3 Qb6
16.Nb3 Ne6 17.h4 a5 18.Qc2 a4 19.Nd2 Nc5 20.Nc4 Qa6 21.Ne3 Be6 22.Nd5 Bxd5
23.Bxd5 Rac8 24.Rad1 a3 25.b3 Ne6 26.c4 Nd8 27.Qe2 e6 28.Bf3 Nc6 29.Bxc6 bxc6
30.Rd6 e5 31.h5 Rfe8 32.Rfd1 e4 33.Qe3 Qa5 34.h6 Bf8 35.Rd7 Qh5 36.Bf4 f6
37.Qd4 Re6 38.Be3 g5 39.Rd8 Rxd8 40.Qxd8 Re8 41.Qd7 Re7 42.Qd4 Qxh6 43.Qb6 Qh5
44.Rd2 Re6 45.Qb8 Qe8 46.Rd8 Qe7 47.g4 Kf7 48.Qc8 Rd6 49.Rxf8+ Qxf8 50.Qxf8+ Kxf8
51.Bc5 Ke7 52.Bxa3 Ke6 53.Bxd6 Kxd6 54.b4  1-0

[Event "Bucharest (Women)"]
[Site "Bucharest"]
[Date "1991.??.??"]
[Round "?"]
[White "Cosma, Elena Luminita"]
[Black "Shikova, Vesmina W"]
[Result "1/2-1/2"]
[WhiteElo "2255"]
[BlackElo "2120"]

1.e4 d5 2.exd5 Qxd5 3.Nc3 Qd6 4.d4 Nf6 5.Bd3 Bg4 6.f3 Bh5 7.Nge2 Nc6 8.Bf4 Qd7
9.Bc4 e6 10.Qd2 Bg6 11.a3 Bd6 12.O-O-O a6 13.d5 exd5 14.Nxd5 Nxd5 15.Qxd5 O-O-O
16.Bxd6 Qxd6 17.Qxd6 Rxd6 18.Rxd6 cxd6 19.Rd1 Kd7 20.Nf4  1/2-1/2

[Event "Spring op"]
[Site "Budapest"]
[Date "1991.??.??"]
[Round "2"]
[White "Fogarasi, Tibor"]
[Black "Radnoti, Bela"]
[Result "1-0"]
[WhiteElo "2410"]
[BlackElo "2275"]

1.e4 d5 2.exd5 Qxd5 3.Nc3 Qd8 4.d4 Nf6 5.Bc4 Bg4 6.Nge2 e6 7.f3 Bf5 8.g4 Nxg4
9.fxg4 Qh4+ 10.Ng3 Bd6 11.Qf3 Bxg4 12.Qf2 Nc6 13.Be3 O-O-O 14.Nce2 Na5 15.Bd3 f5
16.O-O-O g5 17.d5 b6 18.dxe6 f4 19.Bd4 Rhf8 20.Ne4 Qh6 21.Nxd6+ Rxd6 22.e7 Re8
23.Qg2 Bxe2 24.Bxe2 Nc6 25.Bc3 Rxe7 26.Rxd6 Qxd6 27.Ba6+ Kb8 28.Rd1 Qe6 29.Qxc6  1-0

[Event "BL2-S9091"]
[Site "Germany"]
[Date "1991.??.??"]
[Round "?"]
[White "Hecht, Hans Joachim"]
[Black "Mann, Christian"]
[Result "1/2-1/2"]
[WhiteElo "2425"]
[BlackElo "2440"]

1.e4 d5 2.exd5 Qxd5 3.Nc3 Qd6 4.d4 Nf6 5.Nf3 Bg4 6.Be2 c6 7.Be3 Nbd7 8.Qd2 e6
9.O-O Qc7 10.h3 Bxf3 11.Bxf3 Bd6 12.Rfe1 O-O-O 13.Qe2 Kb8 14.Ne4 Nxe4 15.Bxe4 Nf6
16.Bg5 Be7 17.Bxf6 Bxf6 18.c3 e5 19.dxe5  1/2-1/2

[Event "BL2-S qual"]
[Site "Germany"]
[Date "1991.??.??"]
[Round "?"]
[White "Holzhaeuer, Mathias"]
[Black "Mann, Christian"]
[Result "1/2-1/2"]
[WhiteElo "2325"]
[BlackElo "2440"]

1.e4 d5 2.exd5 Qxd5 3.Nc3 Qd6 4.Bc4 Nf6 5.d4 c6 6.h3 Bf5 7.Nf3 Nbd7 8.Qe2 e6
9.Bb3 Qc7 10.Bd2 Bd6 11.O-O-O O-O-O 12.Rhe1 Nd5 13.Ne5 Nxc3 14.Bxc3 Nxe5
15.dxe5 Bc5 16.Bd2 Rd4 17.g4 Bg6 18.f4 Rhd8 19.Be3 Re4 20.Rxd8+ Qxd8 21.Qf3 Bxe3+
22.Rxe3 Qd4 23.Rxe4 Bxe4 24.Qg3 Bd5 25.Bxd5 Qxd5 26.a3 Qe4  1/2-1/2

[Event "BL2-S9091"]
[Site "Germany"]
[Date "1991.??.??"]
[Round "?"]
[White "Heidrich, Manfred"]
[Black "Mann, Christian"]
[Result "1/2-1/2"]
[WhiteElo "2310"]
[BlackElo "2440"]

1.e4 d5 2.exd5 Qxd5 3.Nc3 Qd6 4.d4 Nf6 5.Bc4 c6 6.Nge2 Bf5 7.Bf4 Qb4 8.Bb3 e6
9.O-O Nbd7 10.a3 Qa5 11.Ng3 Bg6 12.Qe1 Be7 13.Rd1 Rc8 14.Nce4 Qxe1 15.Rfxe1 Nxe4
16.Nxe4 Bxe4 17.Rxe4 O-O 18.c3 Rfd8 19.Re2 Nb6 20.Kf1 Kf8 21.Bc1 Rd7 22.Ke1 Rcd8
23.g3 h6 24.Red2 Nd5 25.Ke2 Bg5 26.f4 Be7 27.Rd3 Nf6 28.Bc2 Rd5 29.Kf3 Rh5
30.Kg2 Rhd5 31.h3 Ne8 32.g4 Nc7 33.Kf3 g5 34.Ke2 Kg7 35.Rf1 R5d7 36.Rdf3 Nd5
37.f5 exf5 38.Rxf5 Bd6 39.h4 Bf4 40.hxg5 hxg5 41.Bxf4 Nxf4+ 42.Kd2 f6 43.Rh1 Rf7
44.Ra5 a6  1/2-1/2

[Event "BL2-S9091"]
[Site "Germany"]
[Date "1991.??.??"]
[Round "?"]
[White "Braun, Michael"]
[Black "Unrath, Heiko"]
[Result "1-0"]
[WhiteElo "2350"]
[BlackElo "2360"]

1.e4 d5 2.exd5 Qxd5 3.Nc3 Qd6 4.Bc4 Nf6 5.Nge2 Bf5 6.O-O c6 7.d3 Nbd7 8.Ng3 Bg6
9.Qe2 h5 10.Nge4 Qc7 11.f4 Bf5 12.Ng5 e6 13.Nce4 Nb6 14.Bb3 O-O-O 15.h3 Nfd5
16.c4 Nb4 17.Rd1 f6 18.Nf3 c5 19.Be3 Nxd3 20.Ng3 Bh7 21.Bc2 h4 22.Nf1 Nb4
23.Bxh7 Rxh7 24.Bf2 Re8 25.Nxh4 Qxf4 26.Ng6 Qf5 27.Nxf8 Rxf8 28.Ng3 Qf4 29.Qxe6+ Kb8
30.Bxc5  1-0

[Event "Bundesliga 9091"]
[Site "Germany"]
[Date "1991.??.??"]
[Round "?"]
[White "Stein, Bernd"]
[Black "Sievers, Stefan"]
[Result "1/2-1/2"]
[WhiteElo "2380"]
[BlackElo "2330"]

1.e4 d5 2.exd5 Qxd5 3.Nc3 Qd6 4.d4 Nf6 5.Be2 c6 6.Bf3 Bf5 7.Nge2 e6 8.O-O Qd7
9.Ng3 Bg6 10.Nce4 Be7 11.c4 O-O 12.Nc3 Rd8 13.Be3 Na6 14.Qe2 Qc7 15.Rfd1 Rd7
16.d5 exd5 17.cxd5 cxd5 18.Nxd5 Nxd5 19.Rxd5 Rxd5 20.Bxd5 Nb4  1/2-1/2

[Event "Bundesliga 9091"]
[Site "Germany"]
[Date "1991.??.??"]
[Round "?"]
[White "Mueller, Karsten"]
[Black "Hargens, Thomas"]
[Result "1-0"]
[WhiteElo "2425"]
[BlackElo "2255"]

1.e4 d5 2.exd5 Qxd5 3.Nc3 Qd6 4.Bc4 Nf6 5.Nge2 a6 6.d4 b5 7.Bb3 Bb7 8.Bf4 Qd8
9.O-O e6 10.Ng3 b4 11.Na4 Nd5 12.Bd2 Nd7 13.Re1 Qh4 14.Ne4 Be7 15.c4 bxc3
16.bxc3 O-O 17.Qf3 Rab8 18.Qg3 Qxg3 19.hxg3 Rfc8 20.Rab1 N5f6 21.Ng5 h6 22.Nf3 Ne4
23.Be3 c5 24.Bc2 Bc6 25.Rxb8 Rxb8 26.Bf4 Rd8 27.Rxe4 Bxe4 28.Bxe4 cxd4 29.cxd4 g5
30.Be3 Rb8 31.Nc5 Nf6 32.Bd3 Rb2 33.a4 a5 34.Ne5 Nd5 35.Nc4 Ra2 36.Bd2 Bf6
37.Nb3 Rxa4 38.Bxa5 Be7 39.Kf1 Bb4 40.Bxb4 Nxb4 41.Ke2 Ra2+ 42.Ncd2 Kg7 43.Bc4 Rc2
44.Kd1 Rc3 45.Nc1 Ra3 46.Ndb3 Ra8 47.Kd2 Rc8 48.Bd3 Nd5 49.Ne2 Rb8 50.Bc2 Rc8
51.Nc5 Ra8 52.Nc3 Ne7 53.Be4 Ra1 54.g4 Ra5 55.Kd3 Ra1 56.g3 Nc8 57.d5 exd5
58.Bxd5 Ra5 59.Kd4 Ra1 60.Be4 Rf1 61.Ke3 Nd6 62.Bd3 Rh1 63.Kd4 Ne8 64.Nd5 Nf6
65.Ne3 h5 66.Nf5+ Kf8 67.gxh5 Rxh5 68.f3 Rh3 69.Ke5 Nh5 70.Nd7+ Kg8 71.Nf6+ Nxf6
72.Kxf6 Kf8 73.Bc4  1-0

[Event "NRW-Liga II 9091"]
[Site "Germany"]
[Date "1991.??.??"]
[Round "?"]
[White "Brendel, Oliver"]
[Black "Sygulski, Artur"]
[Result "0-1"]
[WhiteElo "2325"]
[BlackElo "2360"]

1.e4 d5 2.exd5 Qxd5 3.Nc3 Qd6 4.d4 Nf6 5.Nf3 Bg4 6.h3 Bxf3 7.Qxf3 c6 8.Bd2 e6
9.O-O-O Qc7 10.g4 Bd6 11.Ne4 Nxe4 12.Qxe4 Nd7 13.f4 O-O-O 14.f5 e5 15.dxe5 Bxe5
16.Bg2 Qb6 17.Qb4 Qf2 18.Be4 Rhe8 19.Rhf1 Qh2 20.Qa4 Nc5 21.Qxa7 Nxe4 22.Ba5 Bb8
23.Rxd8+ Rxd8 24.Qe3 Re8 25.Qb3 Qf4+ 26.Kb1 Nd2+ 27.Bxd2 Qxd2 28.a4 Re1+
29.Rxe1 Qxe1+ 30.Ka2 Qe7 31.a5 Bc7 32.Qa4 Qe2 33.Qb3 Qe7 34.Qa4 Qe5 35.a6 bxa6
36.Qxa6+ Kd7 37.Qf1 h6 38.Kb1 Qd5 39.h4 Qe4 40.Qd1+ Ke7  0-1

[Event "HUN-chT"]
[Site "HUN"]
[Date "1991.??.??"]
[Round "?"]
[White "Boronyak, Arpad"]
[Black "Kovacs, Lajos D"]
[Result "1/2-1/2"]
[WhiteElo "2215"]
[BlackElo "2210"]

1.e4 d5 2.exd5 Qxd5 3.Nc3 Qd8 4.d4 Nf6 5.Nf3 Bg4 6.Be2 e6 7.O-O Be7 8.h3 Bxf3
9.Bxf3 c6 10.Bf4 Nbd7 11.Qd3 Nd5 12.Nxd5 exd5 13.Rfe1 O-O 14.b3 Re8 15.Rad1  1/2-1/2

[Event "Kobanya op"]
[Site "Kobanya"]
[Date "1991.??.??"]
[Round "3"]
[White "Kahn, Evarth"]
[Black "Mozes, Ervin"]
[Result "0-1"]
[WhiteElo "2215"]
[BlackElo "2375"]

1.e4 d5 2.exd5 Qxd5 3.Nc3 Qd6 4.d4 Nf6 5.Nf3 a6 6.Bc4 Nc6 7.Ng5 e6 8.Nf3 Be7
9.O-O O-O 10.Ne2 b5 11.Bf4 Qd8 12.Bd3 Nb4 13.c3 Nxd3 14.Qxd3 Bb7 15.Ng3 c5
16.Rad1 cxd4 17.Qxd4 Qa5 18.a3 Bxf3 19.gxf3 Rad8 20.Qe5 Qa4 21.Rxd8 Bxd8
22.Ne4 Nd5 23.Bc1 Qc4 24.Qg3 Qc7 25.Qxc7 Bxc7 26.Be3 f5 27.Nc5 Kf7 28.Nb3 Nxe3
29.fxe3 Bb6 30.Nd4 Kf6 31.Kf2 e5 32.Nc2 Rd8 33.Ke2 f4 34.e4 Bc5 35.Nb4 Bxb4
36.axb4 Rd6 37.b3 Rc6 38.Kd3 g5 39.c4 Rd6+ 40.Kc3 h5 41.h3 g4 42.hxg4 hxg4
43.c5 Rd8 44.fxg4 Kg5 45.Rf3 Kxg4 46.Rd3 Rxd3+ 47.Kxd3 f3 48.c6 Kg3 49.c7 f2
50.c8=Q f1=Q+ 51.Kd2 Qf2+ 52.Kd1 Qd4+ 53.Kc1 Qe3+ 54.Kb2 Qd4+ 55.Ka2 Qxe4
56.Qxa6 Qd3 57.Qb6 e4 58.Qg6+ Kf2 59.Ka3 Qd4 60.Qf5+ Ke1 61.Ka2 Qd2+  0-1

[Event "URS-ESP mT"]
[Site "Logrono"]
[Date "1991.??.??"]
[Round "?"]
[White "Fernandez, Juan Luis"]
[Black "Dorfman, Josif D"]
[Result "1/2-1/2"]
[WhiteElo "2285"]
[BlackElo "2600"]

1.e4 d5 2.exd5 Qxd5 3.Nc3 Qd8 4.d4 Nf6 5.Bg5 c6 6.Qd2 Bf5 7.Nf3 e6 8.Nh4 h6
9.Bxf6 Qxf6 10.Nxf5 Qxf5 11.Bd3 Qa5 12.Ne4 Qxd2+ 13.Nxd2 Nd7 14.O-O-O O-O-O
15.Nc4 Kc7 16.f4  1/2-1/2

[Event "USA-op Los Angeles"]
[Site "Los Angeles"]
[Date "1991.??.??"]
[Round "?"]
[White "Rachels, Stuart"]
[Black "Denker, Arnold S"]
[Result "1-0"]
[WhiteElo "2485"]
[BlackElo "2285"]

1.e4 d5 2.exd5 Qxd5 3.Nc3 Qd8 4.d4 Nf6 5.Bc4 e6 6.Nf3 Be7 7.Bg5 O-O 8.Qe2 Nbd7
9.O-O-O Nd5 10.Ne4 N7b6 11.Bb3 Bxg5+ 12.Nexg5 Qf6 13.c4 Nf4 14.Qe4 Ng6 15.h4 h6
16.Nh3 Bd7 17.h5 Ne7 18.Bc2 Rfd8 19.Ne5 Bc6 20.Qh7+ Kf8 21.Qh8+ Ng8 22.Bh7 Ke7
23.Ng4 Qh4 24.Qxg7 Nxc4 25.Rhe1 Bd5 26.b3 Nb6 27.Ne5 Qf6 28.Qg3 Qh8 29.Bg6 Qg7
30.Nxf7 Rdc8 31.Nf4 c5 32.Nxd5+ Nxd5 33.Qd6+  1-0

[Event "Moscow3"]
[Site "Moscow"]
[Date "1991.??.??"]
[Round "?"]
[White "Lokasto, Anatol"]
[Black "Safyanovsky, Mark"]
[Result "1-0"]
[WhiteElo "2330"]
[BlackElo "2365"]

1.e4 d5 2.exd5 Qxd5 3.Nc3 Qd6 4.d4 Nf6 5.Nf3 c6 6.Ne5 Bf5 7.Bf4 Qd8 8.Bc4 e6
9.g4 Bg6 10.h4 Be4 11.Nxe4 Nxe4 12.Qd3 Nd6 13.Bb3 Nd7 14.O-O-O Be7 15.Kb1 a5
16.a4 Qb6 17.c4 Qa6 18.Qc2 Rc8 19.c5  1-0

[Event "Moscow6"]
[Site "Moscow"]
[Date "1991.??.??"]
[Round "?"]
[White "Totsky, Leonid"]
[Black "Hramtsov, A."]
[Result "1-0"]
[WhiteElo "2440"]
[BlackElo "2275"]

1.e4 d5 2.exd5 Qxd5 3.Nc3 Qd8 4.g3 Nf6 5.Bg2 c6 6.Nf3 Bg4 7.h3 Bh5 8.g4 Bg6
9.Ne5 Nbd7 10.Nxd7 Qxd7 11.d3 e6 12.Bd2 h5 13.g5 Nd5 14.Qe2 Bb4 15.Nxd5 Bxd2+
16.Qxd2 exd5 17.Qe3+ Qe7 18.h4 Qxe3+ 19.fxe3 Bf5 20.Kd2 g6 21.b4 O-O-O 22.Raf1 Rhe8
23.Rf4 Re7 24.Rhf1 Kd7 25.R1f3 Ke8 26.Kc3 Rd6 27.Bh3 Bxh3 28.Rxh3 b6 29.Kd4 Ree6
30.Rhf3 f5 31.gxf6 Kf7 32.a4 a6 33.a5 bxa5 34.bxa5 c5+ 35.Kxc5 Rc6+ 36.Kd4 Rxc2
37.Rf2 Rec6 38.Rxc2 Rxc2 39.Kxd5 Ra2 40.e4 Rxa5+ 41.Kd6 Ra4 42.Kc5 Ra5+ 43.Kb4 Rb5+
44.Kc4 g5 45.Rf1 gxh4 46.d4 h3 47.e5 Ke6  1-0

[Event "Niksic"]
[Site "Niksic"]
[Date "1991.??.??"]
[Round "8"]
[White "Ziatdinov, Raset"]
[Black "Kontic, Djordje"]
[Result "1-0"]
[WhiteElo "2515"]
[BlackElo "2325"]

1.e4 d5 2.exd5 Qxd5 3.Nc3 Qd8 4.d4 g6 5.Nf3 Nh6 6.Bg5 Bg7 7.Qd2 Nf5 8.O-O-O h6
9.Bf4 g5 10.Be5 Bxe5 11.Nxe5 Nd7 12.f4 Nxe5 13.fxe5 c6 14.Bc4 Be6 15.Bxe6 fxe6
16.Qe2 Qa5 17.g4 Ng7 18.Rhf1 Kd7 19.Rf7 Ne8 20.Qf3 Rd8 21.d5 Kc8 22.dxc6 Nc7
23.Rxe7 Qxe5 24.Red7 bxc6 25.Qxc6 Rxd7 26.Qxd7+ Kb8 27.a4 Rf8 28.Kb1 Rf4
29.Nb5 Rb4 30.b3 Rxb5 31.axb5 Nxb5 32.Qd8+ Kb7 33.Rd7+ Ka6 34.Qc8+ Ka5 35.Rd3 Qe1+
36.Ka2 Qb4 37.c4 Nc3+ 38.Rxc3 Qxc3 39.Qc5+  1-0

[Event "CSR-ch (Women)"]
[Site "Pardubice"]
[Date "1991.??.??"]
[Round "?"]
[White "Skacelova Zahorovska, Libuse"]
[Black "Nemcova, Vaclava"]
[Result "1/2-1/2"]
[WhiteElo "2090"]
[BlackElo "2070"]

1.e4 d5 2.exd5 Qxd5 3.Nc3 Qd8 4.d4 Nf6 5.Bc4 Bg4 6.Nf3 e6 7.O-O Be7 8.h3 Bh5
9.Bf4 c6 10.Be2 Nbd7 11.Ne5 Bxe2 12.Qxe2 O-O 13.Rad1 Nd5 14.Nxd5 exd5 15.Rfe1 Re8
16.Rd3 Nxe5 17.Bxe5 Bd6 18.Re3 Bxe5 19.Rxe5 Rxe5 20.Qxe5 Kf8 21.Qh5 h6 22.Qf5 Kg8
23.c3 Rc8 24.Re3 Rc7 25.Qe5 Kf8 26.Rg3 f6 27.Qf5 Kg8 28.Qg6 Kh8 29.Re3 Re7
30.Kf1 Rxe3 31.fxe3 Qe7 32.Kf2 Kg8 33.Kf3 a6 34.e4 dxe4+ 35.Qxe4 Qd7 36.c4 Kf8
37.d5 f5 38.Qe5 cxd5 39.Qxd5 Ke7 40.Qxd7+ Kxd7 41.Kf4 Ke6 42.h4 g6 43.b4 Kf6
44.a4 g5+ 45.hxg5+ hxg5+ 46.Ke3 Ke5 47.a5 f4+ 48.Kd3 g4 49.b5 axb5 50.cxb5 Kd5
51.a6 bxa6 52.bxa6 Kc6 53.Ke4 f3 54.gxf3  1/2-1/2

[Event "Belavenets mem op"]
[Site "Smolensk"]
[Date "1991.??.??"]
[Round "?"]
[White "Kosikov, Alexey I"]
[Black "Gergel, Vladimir P"]
[Result "1/2-1/2"]
[WhiteElo "2420"]
[BlackElo "2305"]

1.e4 d5 2.exd5 Qxd5 3.Nc3 Qd6 4.d4 Nf6 5.Bc4 c6 6.Nge2 Bg4 7.f3 Bf5 8.Bf4 Qd8
9.Qd2 e6 10.O-O-O Nbd7 11.g4 Bg6 12.h4 h6 13.Bg3 Nb6 14.Bb3 Nbd5 15.a3 Bd6
16.Be5 Rg8 17.Nf4 Nxf4 18.Qxf4 Be7 19.Qg3 Nd5 20.Ne4 b5 21.Bd6 a5 22.Bxe7 Kxe7
23.Bxd5 cxd5 24.Nc5 Qd6 25.f4 b4 26.Rhf1 Rgc8 27.Qe3 Be4 28.a4 f5 29.gxf5 Bxf5
30.Rg1 Kf8 31.h5 Ra7 32.Rde1 Rac7 33.Rg2 Kg8 34.b3 Kh7 35.Reg1 Kh8 36.Kb2 Kh7
37.c3 bxc3+ 38.Kxc3 Be4 39.Rd2 Bf5 40.Kb2 Rf8 41.Rdg2 Rb8 42.Rg3 Re8 43.R1g2 Ree7
44.Qd2 Ra7 45.Re2 Qd8 46.Re5 Re8 47.Qe1 Qf6 48.Rge3 Rae7 49.Qxa5 Qh4 50.Qd2 Qxf4
51.a5 Kh8 52.a6 Qg4 53.Nb7 Ra8 54.Nc5 Rea7 55.b4 Rxa6 56.Nxa6 Rxa6 57.b5 Ra4
58.Rb3 Rxd4 59.Qe2 Qf4 60.Rxf5 Qxf5 61.b6 Qf4 62.b7  1/2-1/2

[Event "BUL-chT (Women)"]
[Site "Bankia"]
[Date "1992.??.??"]
[Round "?"]
[White "Dojkova, Galina"]
[Black "Shikova, Vesmina W"]
[Result "1/2-1/2"]
[WhiteElo "2005"]
[BlackElo "2145"]

1.e4 d5 2.exd5 Qxd5 3.Nc3 Qd6 4.d4 Nf6 5.Nf3 a6 6.Bc4 e6 7.O-O c5 8.dxc5 Qxd1
9.Rxd1 Bxc5 10.Bf4 b5 11.Be2 Bb7 12.Bd6 Nbd7 13.Ng5 Bxd6 14.Rxd6 Ke7 15.Rad1 Rhd8
16.Bf3 Bxf3 17.Nxf3 b4 18.Na4 Nd5 19.Rc6 Rdc8 20.Rxc8 Rxc8 21.Ne1 Rc4 22.Kf1 Ne5
23.Ra1 Rh4 24.h3 Rd4 25.Nc5 Nc7 26.a3 bxa3 27.Rxa3 Nc4 28.Rd3 Rxd3 29.Nexd3 Kd6
30.Ne4+ Ke7 31.b3 Nd6 32.Nec5  1/2-1/2

[Event "Bucharest-B"]
[Site "Bucharest"]
[Date "1992.??.??"]
[Round "?"]
[White "Micalizzi, Giovanni"]
[Black "Spulber, Cicerone"]
[Result "1-0"]
[WhiteElo "2325"]
[BlackElo "2345"]

1.e4 d5 2.exd5 Qxd5 3.Nc3 Qd6 4.d4 Nf6 5.Nf3 c6 6.Ne5 Bf5 7.Bf4 Qd8 8.Bc4 e6
9.g4 Bg6 10.h4 Bb4 11.f3 Nd5 12.Bxd5 Qxd5 13.h5 Bxc2 14.Qxc2 Qxd4 15.Qd2 Bxc3
16.bxc3 Qxd2+ 17.Kxd2 f6 18.Nc4 e5 19.Be3 Ke7 20.g5 b6 21.h6 g6 22.gxf6+ Kxf6
23.Nxe5 Rd8+ 24.Nd3 Rd5 25.c4 Rf5 26.Bd4+ Kf7 27.Ne5+ Kg8 28.Nxg6 Rxf3 29.Rag1  1-0

[Event "Bucharest-B"]
[Site "Bucharest"]
[Date "1992.??.??"]
[Round "?"]
[White "Moldovan, Daniel"]
[Black "Spulber, Cicerone"]
[Result "1/2-1/2"]
[WhiteElo "2435"]
[BlackElo "2345"]

1.e4 d5 2.exd5 Qxd5 3.Nc3 Qd6 4.d4 Nf6 5.Bd3 c6 6.Nge2 Bg4 7.f3 Bh5 8.Bf4 Qd8
9.Qd2 e6 10.O-O-O Bg6 11.Ne4 Nd5 12.Bg5 Be7 13.Bxe7 Qxe7 14.h4 h5 15.Nf4 Bxe4
16.fxe4 Nxf4 17.Qxf4 e5 18.Qg3 Nd7 19.Qxg7 O-O-O 20.Rdf1 exd4 21.Rxf7 Qe6
22.Rhf1 Rhg8 23.Qh7 Qxa2 24.R1f2 Rg3 25.e5 Re3 26.Re2 Qa1+ 27.Kd2 Qa5+ 28.Kd1 Qa1+
29.Kd2 Qa5+ 30.Kd1 Qa1+  1/2-1/2

[Event "Wch U20"]
[Site "Buenos Aires"]
[Date "1992.??.??"]
[Round "?"]
[White "Watanabe, Roberto"]
[Black "Relange, Eloi"]
[Result "0-1"]
[WhiteElo "2380"]
[BlackElo "2365"]

1.e4 d5 2.exd5 Qxd5 3.Nc3 Qd8 4.d4 Nf6 5.Bc4 c6 6.Nf3 Bf5 7.Ne5 e6 8.g4 Bg6
9.h4 Nbd7 10.Qe2 Bb4 11.Rh3 Qc7 12.h5 Be4 13.g5 Bf5 14.gxf6 Bxh3 15.fxg7 Rg8
16.h6 Nxe5 17.dxe5 Bf5 18.Bg5 Be7 19.Bxe7 Qxe7 20.Ne4 Bxe4 21.Qxe4 O-O-O
22.Qe3 Qh4 23.Bd3 Qh1+ 24.Bf1 Kb8 25.a4 c5 26.Ra3 Rd4 27.f3 Qh4+ 28.Ke2 Qh2+
29.Ke1 Qh4+ 30.Ke2 c4 31.Bg2 Rgd8 32.Ra1 Rd2+  0-1

[Event "Cannes team g/60"]
[Site "Cannes"]
[Date "1992.??.??"]
[Round "4"]
[White "Chandler, Murray G"]
[Black "Santo Roman, Marc"]
[Result "1-0"]
[WhiteElo "2590"]
[BlackElo "2495"]

1.e4 d5 2.exd5 Qxd5 3.Nc3 Qd8 4.d4 Nf6 5.Nf3 Bg4 6.h3 Bh5 7.g4 Bg6 8.Ne5 e6
9.Bg2 c6 10.O-O Nbd7 11.Qe2 Nxe5 12.dxe5 Nd7 13.Ne4 h5 14.Bf4 hxg4 15.hxg4 Qa5
16.Rad1 O-O-O 17.a3 Be7 18.Nd6+ Bxd6 19.Rxd6 Nb6 20.c4 Qa4 21.Rc1 Qb3 22.Bg5 Bd3
23.Qf3 Rxd6 24.exd6 f6 25.Bxf6 gxf6 26.Rc3 Qxb2 27.Rxd3 Nd7 28.Rd1 Rg8 29.Re1 Nc5
30.Qe3 Qb6 31.Bf3 e5 32.Kf1 Ne6 33.Qh6 Qb3 34.Qh7 Rg7 35.Qf5 Qxc4+ 36.Be2 Qd5
37.Bf3 Qc4+ 38.Kg1 Kd7 39.Rb1 b5 40.a4 a6 41.axb5 axb5 42.Rd1 Qc3 43.Be2 b4
44.Ba6 b3  1-0

[Event "JUG-chT"]
[Site "Cetinje"]
[Date "1992.??.??"]
[Round "?"]
[White "Kokanovic, Ksenija"]
[Black "Strizak, Natasa"]
[Result "1/2-1/2"]
[WhiteElo "2175"]
[BlackElo "2190"]

1.e4 d5 2.exd5 Qxd5 3.Nc3 Qd8 4.d4 Nf6 5.Nf3 Bg4 6.Be2 e6 7.O-O c6 8.Re1 Be7
9.h3 Bxf3 10.Bxf3 O-O 11.Ne4 Nbd7 12.c4 Nxe4 13.Bxe4 Nf6 14.Bf3 Qc7 15.Qb3 Rad8
16.Be3 b6 17.Red1 c5 18.dxc5 Bxc5 19.Bxc5 Qxc5 20.Rxd8 Rxd8 21.Rd1 Rxd1+
22.Qxd1 g6 23.b3 Kg7 24.Qd2 a5 25.Qc3 Qd6 26.g3 h5 27.g4 hxg4 28.hxg4 Qf4
29.Qe3 Qxe3 30.fxe3 g5 31.a3 Kf8 32.b4 axb4 33.axb4 Ke7 34.Kf2 Kd6 35.Ke2 Nd7
36.Kd2 Ne5 37.Be2 f5 38.gxf5 exf5 39.Kc3 g4 40.Kd4 Nc6+ 41.Kc3 Ke5 42.Bf1 Ne7
43.Kd3 Ng6 44.Ke2  1/2-1/2

[Event "Dortmund op-A"]
[Site "Dortmund"]
[Date "1992.??.??"]
[Round "9"]
[White "Bierbach, Utz Friedrich"]
[Black "Olbrisch, Manfred"]
[Result "0-1"]
[WhiteElo "2295"]
[BlackElo "2225"]

1.e4 d5 2.exd5 Qxd5 3.Nc3 Qd6 4.d4 Nf6 5.Nf3 a6 6.Be3 e6 7.Qd2 b5 8.a3 Bb7
9.Bf4 Qb6 10.b4 Bd6 11.Be2 O-O 12.O-O Qc6 13.Bxd6 cxd6 14.Bd3 Nbd7 15.Rfe1 Rac8
16.Ne4 Nd5 17.Qg5 f5 18.Ned2 Rf6 19.c4 bxc4 20.Bxc4 N7b6 21.Rac1 Rg6 22.Bxd5 Qxc1
23.Bxe6+ Rxe6 24.Rxc1 Rxc1+ 25.Nf1 Rc8 26.Qxf5 Rf6 27.Qb1 Bxf3 28.gxf3 Rxf3
29.a4 Rcf8 30.Qa2+ d5 31.a5 Nc4 32.Ne3 Nxe3 33.fxe3 Rd8 34.e4 Rd3 35.exd5 Rxd4
36.d6+ Kh8 37.b5 R4xd6 38.Qc4 Rd4 39.Qc6 R4d6 40.Qc5 Rd5 41.Qc6 Rxb5 42.Qxa6 Rb2
43.Qf1 Ra2 44.Qb1 Rxa5 45.Kg2 h6 46.Kg3 Rf8 47.Qd3 Rg5+ 48.Kh3 Rff5 49.Qd8+ Kh7
50.Qd2 Rf3+ 51.Kh4 Rgf5 52.Qc2 h5 53.h3 Rf2 54.Qd3 Kh6 55.Qd6+ Rf6 56.Qb8  0-1

[Event "Elenite"]
[Site "Elenite"]
[Date "1992.??.??"]
[Round "1"]
[White "Manolov, Ivan"]
[Black "Dorfman, Josif D"]
[Result "0-1"]
[WhiteElo "2340"]
[BlackElo "2610"]

1.e4 d5 2.exd5 Qxd5 3.Nc3 Qd8 4.d4 Nf6 5.Bc4 a6 6.Nf3 b5 7.Bb3 c5 8.dxc5 Qxd1+
9.Nxd1 e6 10.O-O Bxc5 11.Ne5 Nbd7 12.Nd3 a5 13.a4 b4 14.Be3 Bxe3 15.Nxe3 Ba6
16.Bc4 Ng4 17.Bb5 Bxb5 18.axb5 Nxe3 19.fxe3 Ke7 20.c4 bxc3 21.bxc3 Rhc8 22.Ra3 f6
23.Rfa1 Nb6 24.Nb2 f5 25.Kf2 Ra7 26.Ke2 a4 27.Kd3 Rd7+ 28.Kc2 Rd5 29.Nxa4 Nc4
30.Rb3 Rd2+ 31.Kc1 Rxg2 32.Rab1 Rd8 33.R3b2 Rg1+ 34.Kc2 Na3+ 35.Kb3 Nxb1
36.c4 Nd2+ 37.Kb4 Rg4 38.Rc2 Nxc4 39.Rxc4 Rxc4+ 40.Kxc4 Kd6  0-1

[Event "BL2-S9192"]
[Site "Germany"]
[Date "1992.??.??"]
[Round "?"]
[White "Miltner, Arndt"]
[Black "Mohrlok, Dieter"]
[Result "0-1"]
[WhiteElo "2330"]
[BlackElo "2425"]

1.e4 d5 2.exd5 Qxd5 3.Nc3 Qd6 4.d4 Nf6 5.Nf3 a6 6.h3 Nbd7 7.Bd3 c5 8.Be3 e6
9.Qe2 cxd4 10.Bxd4 Be7 11.O-O-O Nc5 12.Kb1 Nxd3 13.Rxd3 Qc7 14.Ne5 b5 15.Rhd1 Bb7
16.Ng4 Rd8 17.Nxf6+ gxf6 18.Qg4 b4 19.Ne4 Bxe4 20.Qxe4 f5 21.Qf3 Rc8 22.R1d2 e5
23.Bxe5 Qxe5 24.Re2 Qc5 25.Rde3 O-O 26.Rxe7 Rfd8 27.a3 bxa3 28.Qxa3 Rd1+
29.Ka2 Qd5+ 30.b3 Rc5 31.Qb4 Ra5+ 32.Kb2 Rb1+ 33.Kxb1 Qd1+ 34.Kb2 Qa1+  0-1

[Event "BL2-S9192"]
[Site "Germany"]
[Date "1992.??.??"]
[Round "?"]
[White "Weber, Marc"]
[Black "Schindler, Werner"]
[Result "1-0"]
[WhiteElo "2305"]
[BlackElo "2300"]

1.e4 d5 2.exd5 Qxd5 3.Nc3 Qd6 4.Nf3 Nf6 5.d4 a6 6.Ne5 e6 7.Bf4 Nc6 8.Be2 Be7
9.Bg3 Qxd4 10.Nxc6 Qxd1+ 11.Rxd1 bxc6 12.Bxc7 Nd5 13.Ba5 Rb8 14.Na4 c5 15.c4 Bd7
16.cxd5 Bxa4 17.b3 Bd7 18.Bc4 exd5 19.Bxd5 O-O 20.O-O Bb5 21.Rfe1 Bf6 22.a4 Bd7
23.Bc7 Rbe8 24.Bd6 Rxe1+ 25.Rxe1 Rd8 26.Bxc5 Bc3 27.Rc1 Bb2 28.Rd1 Be6 29.Bf3 Rb8
30.b4 h6 31.Rb1 Ba3 32.Bd6 Rd8 33.Bc7 Rc8 34.Bf4 Rc4 35.Bd2 Rc2 36.Be1  1-0

[Event "Hessen-ch"]
[Site "Germany"]
[Date "1992.??.??"]
[Round "5"]
[White "Buchal, Stephan"]
[Black "Alber, Horst"]
[Result "1-0"]
[WhiteElo "2295"]
[BlackElo "2335"]

1.e4 d5 2.exd5 Qxd5 3.Nc3 Qd6 4.d4 c6 5.Bc4 Nf6 6.h3 Be6 7.Bb3 Na6 8.Nf3 Bxb3
9.axb3 e6 10.Bg5 Be7 11.O-O Nb4 12.Bxf6 gxf6 13.Ne4 Qf4 14.Re1 h5 15.Ng3 Qc7
16.c3 Na6 17.b4 O-O-O 18.Qe2 Kb8 19.b5 cxb5 20.Qxb5 Ka8 21.Ra4 h4 22.Nf1 Qd7
23.Qxd7 Rxd7 24.Rea1 Rh5 25.Ne3 Kb8 26.d5 Bc5 27.Ng4 Rhxd5 28.Nxf6 Rd1+ 29.Kh2 Rd8
30.Rxd1 Rxd1 31.Rxh4 Bxf2 32.Rh8+ Kc7 33.Rf8 Nc5 34.Rxf7+ Kb6 35.b4 Na4 36.Ne4 Be1
37.Nxe1 Rxe1 38.Rf4 Kc6 39.c4 Nb2 40.Ng5 Nd3 41.Nf3 Nxf4 42.Nxe1 b6 43.Kg3 Ng6
44.Nd3 a5 45.bxa5 bxa5 46.h4 a4 47.h5 Nh8 48.Kf4 Nf7 49.g4 a3 50.g5 Kd7 51.Nc1 e5+
52.Kg4 Ke7 53.g6 Nd8 54.Kf5 Nc6 55.h6 Kf8 56.Na2 Kg8 57.c5 Kf8 58.Kf6 Kg8
59.Nb4 Nd8 60.Kxe5 Nc6+ 61.Nxc6 a2 62.Ne7+ Kf8 63.Ke6 a1=Q 64.g7+  1-0